Những thành tựu nghiên cứu bệnh hại thực vật Việt Nam (1955 - 2005)
Sách tập hợp các công trình nghiên cứu về sinh học phân tử bệnh lý thức vật trong giai đoạn 1955-2005. Nội dung sách chia thành 2 phần lớn. Phần 1 công bô 13 bài nghiên cứu mới về bệnh lý trên cây nông nghiệp; phần hai giới thiệu danh mục t...
Gespeichert in:
| Körperschaften: | , |
|---|---|
| Format: | Buch |
| Sprache: | Undetermined |
| Veröffentlicht: |
Hà Nội
Nông nghiệp
2005
|
| Schlagworte: | |
| Tags: |
Tag hinzufügen
Keine Tags, Fügen Sie den ersten Tag hinzu!
|
| Thư viện lưu trữ: | Trung tâm Học liệu Trường Đại học Cần Thơ |
|---|
| LEADER | 01469nam a2200217Ia 4500 | ||
|---|---|---|---|
| 001 | CTU_140897 | ||
| 008 | 210402s9999 xx 000 0 und d | ||
| 082 | |a 632.3 | ||
| 082 | |b H452 | ||
| 110 | |a Liên hiệp các hội khoa học kỹ thuật Việt Nam | ||
| 110 | |b Hội các ngành sinh học Việt Nam. Hội sinh học phân tử bệnh lý thực vật Việt Nam | ||
| 245 | 0 | |a Những thành tựu nghiên cứu bệnh hại thực vật Việt Nam | |
| 245 | 0 | |b (1955 - 2005) | |
| 245 | 0 | |c Liên hiệp các hội Khoa học kỹ thuật Việt Nam. Hội các ngành sinh học Việt Nam. Hội sinh học phân tử Bệnh lý thực vật Việt Nam | |
| 260 | |a Hà Nội | ||
| 260 | |b Nông nghiệp | ||
| 260 | |c 2005 | ||
| 520 | |a Sách tập hợp các công trình nghiên cứu về sinh học phân tử bệnh lý thức vật trong giai đoạn 1955-2005. Nội dung sách chia thành 2 phần lớn. Phần 1 công bô 13 bài nghiên cứu mới về bệnh lý trên cây nông nghiệp; phần hai giới thiệu danh mục tác giả và tác phẩm về bệnh lý thực vật. | ||
| 650 | |a Plant molecular biology.,Plant diseases,Sinh học phân tử thực vật,Bệnh cây | ||
| 904 | |i Huỳnh Mai | ||
| 980 | |a Trung tâm Học liệu Trường Đại học Cần Thơ | ||